Normal view
MARC view
- INTERFACE CIRCUITS APPLICATION
Entry Topical Term
001 - CONTROL NUMBER
- control field: 67069
003 - CONTROL NUMBER IDENTIFIER
- control field: NUST
005 - DATE AND TIME OF LATEST TRANSACTION
- control field: 20210628203730.0
008 - FIXED-LENGTH DATA ELEMENTS
- fixed length control field: 210628|| aca||aabn | a|a d
040 ## - CATALOGING SOURCE
- Original cataloging agency: NUST
- Transcribing agency: NUST
150 ## - HEADING--TOPICAL TERM
- Topical term or geographic name entry element: INTERFACE CIRCUITS APPLICATION
670 ## - SOURCE DATA FOUND
- Source citation: Work cat.: (NUST): MCCOLLUM, C.L, PIPPENGER, D.E 67068, LINEAR AND INTERFACE CIRCUITS APPLICATION, 1974
